[Event "European Youth Chess Championship G14"]
[Site "Prague, Top Hotel Prague"]
[Date "2012.08.18"]
[Round "2.31"]
[White "Rodriguez Manzaneda, Irene"]
[Black "Dzurjaninova, Hana"]
[Result "0-1"]
[WhiteElo "1734"]
[BlackElo "1544"]
[PlyCount "118"]
[EventDate "2012.08.17"]

1. e4 e6 2. d3 d5 3. Qe2 Nf6 4. Nf3 c5 5. g3 Nc6 6. Bg2 Be7 7. O-O O-O 8. e5
Nd7 9. c4 Nb6 10. Nc3 Qc7 11. h4 Rd8 12. b3 a6 13. Bg5 Bxg5 14. hxg5 d4 15. Nb1
Nd7 16. Re1 Rb8 17. Nbd2 b6 18. Nf1 Bb7 19. N1h2 Nf8 20. Ng4 Ng6 21. Kh2 Qe7
22. Rh1 Na5 23. Qd2 Qc7 24. Rae1 Bc6 25. Kg1 Qb7 26. Qe2 b5 27. Nh4 bxc4 28.
bxc4 Qb2 29. Qf1 Bxg2 30. Qxg2 Qd2 31. Qe4 Qxg5 32. Nf3 Qf5 33. Kg2 Qxe4 34.
Rxe4 Rb2 35. a3 Rb3 36. Ra1 Rdb8 37. a4 Ra3 38. Ree1 Rbb3 39. Rab1 Rxa4 40.
Rxb3 Nxb3 41. Ng5 a5 42. f4 Ra2+ 43. Kh3 Rd2 44. Ne4 Rxd3 45. Ngf2 Re3 46. Rb1
h6 47. Kg4 a4 48. Rb2 a3 49. Ra2 Na5 50. Rc2 Nb7 51. Nd2 h5+ 52. Kxh5 Rxg3 53.
Nfe4 Nxf4+ 54. Kh4 Re3 55. Kg4 Ng6 56. Ng5 Nxe5+ 57. Kf4 Ng6+ 58. Kg4 f5+ 59.
Kh5 Nf4+ 0-1

[Event "European Youth Chess Championship G14"]
[Site "Prague, Top Hotel Prague"]
[Date "2012.08.18"]
[Round "2.32"]
[White "Lesnic, Galina"]
[Black "Edilsultanova, Zalina"]
[Result "0-1"]
[WhiteElo "1490"]
[BlackElo "1719"]
[PlyCount "92"]
[EventDate "2012.08.17"]

1. e4 c5 2. Nf3 d6 3. Bb5+ Bd7 4. Bxd7+ Nxd7 5. d4 cxd4 6. Qxd4 Ngf6 7. O-O g6
8. c3 Bg7 9. Re1 O-O 10. Qd1 Qc7 11. Bg5 Nc5 12. Bxf6 Bxf6 13. Qe2 Rab8 14. Na3
a6 15. Nc2 b5 16. Nb4 Bg7 17. e5 dxe5 18. Nxe5 e6 19. Rad1 Rb6 20. Nbd3 Nxd3
21. Rxd3 Rd6 22. Nf3 Rfd8 23. Red1 Kf8 24. Ng5 h6 25. Ne4 Rxd3 26. Rxd3 Ke7 27.
h3 Qc4 28. Rd2 Qxa2 29. Rxd8 Kxd8 30. Nd6 Ke7 31. Nb7 Qd5 32. Na5 Kd7 33. Qe3
Qd1+ 34. Kh2 Qd6+ 35. Kg1 Qd1+ 36. Kh2 Qd6+ 37. Kg1 Qc7 38. Nb3 Ke7 39. Qe2 Qd6
40. Nd2 Qc7 41. Nf3 Qc5 42. Qe4 Qd5 43. Qb4+ Kd7 44. Qf4 Qd1+ 45. Kh2 Qd6 46.
Kg3 e5 0-1

[Event "European Youth Chess Championship G14"]
[Site "Prague, Top Hotel Prague"]
[Date "2012.08.18"]
[Round "2.33"]
[White "Rouffignac, Marie"]
[Black "Kubosova, Hana"]
[Result "1-0"]
[WhiteElo "1715"]
[BlackElo "1517"]
[PlyCount "85"]
[EventDate "2012.08.17"]

1. Nf3 d6 2. g3 Nd7 3. Bg2 Ngf6 4. b3 e5 5. d3 Be7 6. Bb2 c6 7. O-O O-O 8. c4
h6 9. Nbd2 Re8 10. Rc1 Nb6 11. Rc2 Bf5 12. Qa1 Qc7 13. Nh4 Bh7 14. Bh3 Bf8 15.
e4 Rad8 16. f4 Nbd7 17. Ndf3 Qb6+ 18. Kh1 exf4 19. Bd4 c5 20. Bxf6 Nxf6 21.
gxf4 Be7 22. Nf5 Bxf5 23. Bxf5 g6 24. Rg1 Kh7 25. Bh3 Nh5 26. f5 g5 27. Bf1 Bf6
28. Qc1 Rg8 29. h3 Ng7 30. Rcg2 Be7 31. Qc3 Ne8 32. h4 f6 33. Qd2 Kg7 34. Nh2
Rh8 35. Nf3 Nc7 36. Rh2 Qc6 37. hxg5 hxg5 38. Nh4 Kf7 39. Ng6 Rxh2+ 40. Qxh2
Rg8 41. Qh5 Qe8 42. Kg2 Qd8 43. Ne5+ 1-0

[Event "European Youth Chess Championship G14"]
[Site "Prague, Top Hotel Prague"]
[Date "2012.08.18"]
[Round "2.34"]
[White "Kafetzi, Angeliki"]
[Black "Beluska, Tereza"]
[Result "1/2-1/2"]
[WhiteElo "1687"]
[BlackElo "1496"]
[PlyCount "80"]
[EventDate "2012.08.17"]

1. e4 c5 2. Nf3 Nc6 3. d4 cxd4 4. Nxd4 g6 5. Nb3 Bg7 6. Nc3 Nf6 7. Bd3 O-O 8.
O-O d5 9. Qe2 dxe4 10. Nxe4 Nxe4 11. Bxe4 Qc7 12. c3 Rd8 13. f4 e6 14. Qf3 Rd6
15. Nd2 Ne7 16. Bc2 Bd7 17. Ne4 Bc6 18. Qh3 Rd5 19. g4 Rad8 20. Be3 a6 21. Rae1
Qa5 22. g5 Nf5 23. Nf6+ Bxf6 24. gxf6 Nxe3 25. Qh6 Nf5 26. Bxf5 Qc5+ 27. Rf2
Qf8 28. Qxf8+ Kxf8 29. Be4 Rc5 30. Bxc6 Rxc6 31. Re5 b6 32. Kg2 Rcd6 33. Rfe2
Rd3 34. h4 Ke8 35. h5 Kd7 36. hxg6 hxg6 37. R5e3 Kc6 38. Kf2 R8d5 39. Re5 Rd8
40. R5e4 R8d5 1/2-1/2

[Event "European Youth Chess Championship G14"]
[Site "Prague, Top Hotel Prague"]
[Date "2012.08.18"]
[Round "2.35"]
[White "Silva, Mariana Sofia T"]
[Black "Imanly, Magrura"]
[Result "0-1"]
[WhiteElo "1461"]
[BlackElo "1670"]
[PlyCount "92"]
[EventDate "2012.08.17"]

1. d4 e6 2. c4 f5 3. Nf3 Nf6 4. g3 d5 5. Bg2 c6 6. O-O Bd6 7. Nbd2 Qe7 8. cxd5
exd5 9. Nb3 Ne4 10. Nfd2 O-O 11. Qc2 Na6 12. a3 Be6 13. f3 Nxd2 14. Nxd2 f4 15.
g4 Bf7 16. Nb3 Bg6 17. Qd1 Rae8 18. Re1 Qh4 19. Bd2 h5 20. g5 Rf5 21. Rf1 Qxg5
22. Kh1 Qe7 23. Bh3 Rf7 24. Rg1 Bh7 25. Nc1 Qf6 26. Bc3 Nc7 27. Qf1 Nb5 28. Qf2
Nxc3 29. bxc3 Re3 30. Na2 Bxa3 31. Rg2 Rfe7 32. Re1 Bb2 33. Qg1 Bxc3 34. Nxc3
Rxc3 35. Rg5 Rce3 36. Rxh5 Rxe2 37. Rxe2 Rxe2 38. Qg4 Re1+ 39. Kg2 Qg6 40. Qxg6
Bxg6 41. Rh4 a5 42. Bc8 Re7 43. Rxf4 a4 44. Rg4 a3 45. Kf2 a2 46. Rg1 Bb1 0-1

[Event "European Youth Chess Championship G14"]
[Site "Prague, Top Hotel Prague"]
[Date "2012.08.18"]
[Round "2.36"]
[White "Shahbazyan, Hasmik"]
[Black "Serpetsidaki, Eva"]
[Result "1-0"]
[WhiteElo "1665"]
[BlackElo "1408"]
[PlyCount "45"]
[EventDate "2012.08.17"]

1. e4 e6 2. d4 d5 3. Nd2 c5 4. exd5 Qxd5 5. Ngf3 Nf6 6. Bc4 Qd8 7. O-O Be7 8.
Nb3 cxd4 9. Nbxd4 O-O 10. Bf4 Qb6 11. Nb5 a6 12. Nbd4 Rd8 13. Qe2 Qxb2 14. Rab1
Qa3 15. Bc7 Re8 16. Rb3 Qa4 17. Ne5 Bc5 18. Ndf3 Nc6 19. Ng5 Nd4 20. Qd3 Re7
21. Bd8 Re8 22. Bxf6 gxf6 23. Qxh7+ 1-0